000 00652nam a2200217Ia 4500
003 GCL
008 140319s9999 xx 000 0 ara d
040 _aGCL /
_cGCL
082 0 4 _aط
_b813.06
_bا ج
100 1 _aاحمد بهجت
245 1 0 _aجحا: جحا والحمار- جحا والقاضى- جحا والسلطان /
_cاحمد بهجت
700 1 _aمصطفى حسين
260 _aبيروت :
_bدار الشروق
300 _aمتعدد ؛
_c29سم
490 _aجحا
_v0
650 0 4 _aالاطفال
650 0 4 _aالقصص
650 0 4 _aقصص الاطفال
650 0 4 _aالقصص الفكاهية
942 _2ddc
_cBK
999 _c56551
_d56551